Návrh efektívneho využitia informačných technológií v riadení podniku Róbert Gašparík - mäsovýroba s.r.o.

Salvato in:
Dettagli Bibliografici
Autore principale: Melicherová, Barbora (Autore)
Altri autori: Prajová, Vanessa (Relatore della tesi)
Natura: Manoscritto Libro
Lingua:slovacco
Pubblicazione: 2025
Soggetti:
Accesso online:http://is.stuba.sk/zp/portal_zp.pl?podrobnosti=183770
Tags: Aggiungi Tag
Nessun Tag, puoi essere il primo ad aggiungerne!!

MARC

LEADER 00000ntm a22000003a 4500
001 stuzp103922
003 SK-STU
005 20250614212402.4
007 ta
008 150427s2015----xo-----f-mn---000-0-slo-d
040 |a STU  |b slo 
041 0 |a slo 
100 1 |a Melicherová, Barbora  |u 064000  |4 aut  |U MTF Materiálovotechnologická fakulta  |T MTF Ústav priemyselného inžinierstva a manažmentu  |X 109888  |U M4000  |Y 84  |7 109888 
242 0 1 |a Proposal for effective use of information technologies in business management Róbert Gašparík - mäsovýroba s.r.o.  |y eng 
245 1 0 |a Návrh efektívneho využitia informačných technológií v riadení podniku Róbert Gašparík - mäsovýroba s.r.o. 
260 |c 2025 
650 4 |a data integration  |2 eng 
650 4 |a electronic data interchange  |2 eng 
650 4 |a integration of business applications  |2 eng 
650 4 |a information technology  |2 eng 
650 4 |a business information systems  |2 eng 
650 4 |a business processes  |2 eng 
650 4 |a dátová integrácia  |2 slo 
650 4 |a elektronická výmena dát  |2 slo 
650 4 |a integrácia podnikových aplikácií  |2 slo 
650 4 |a informačné technológie  |2 slo 
650 4 |a podnikové informačné systémy  |2 slo 
650 4 |a podnikové procesy  |2 slo 
700 1 |a Prajová, Vanessa  |u 064000  |k Z1  |4 ths  |U MTF Materiálovotechnologická fakulta  |T MTF Ústav priemyselného inžinierstva a manažmentu  |X 47651  |U M4000  |Y 84  |7 A000047651 
856 4 |u http://is.stuba.sk/zp/portal_zp.pl?podrobnosti=183770 
996 |c M* DP-15606>  |l MMSKP  |s P  |a 0  |w stuzp103922_0001